00864nam a22002177a 450000500170000001000150001702000260003203500130005803700130007108200150008410000220009924501450012126000860026627000710035230000320042350000520045565000230050765000300053065000340056071000520059420150612110346.0 aENG-112961 c680.00a9789381904138 aEN-96493 bDBAD/PUB a 363.73874 aJayaram,Dhanasree aBreaking out of the green house :cby Dhanasree Jayaram ; introduction by Jasjit SinghbIndian leadership in times of environmental change / aNew DelhibK W Publishers in association with Centre for Air Power Studiesc2012 b New Delhie110002a4676/21, First Floor, Ansari Road, Daryaganj,  axxi,235p. :c24cm(Hb)bill. a Includes bibliographical references and index. a Climatic changes. a Climatic changeszIndia. a Environmental policyzIndia. aCentre for Air Power Studies (New Delhi, India)